00634nam a2200229 a 4500001001300000003000900013005001700022008004100039020001000080082001700090100002200107245002100129260003800150300000800188500003500196650001900231700002200250902000800272942000700280952010000287999001700387nice12345678IN_TiNIC20260116015111.0070828s1938 laha grp 000 0 ara  ac10000a297.124bBUK aBukhari, Abdullah aSahih Al Bukhari aLahorebArafat Publicationsc1938 a80p aincludes index and biblioraphy aHadith-Bukhari1 aBukhari, Abdullah bSRS cBK 00104070aHMIbHMId2007-08-28g100.00l0o297.124 BUKp11000160r2007-08-28w2026-01-16yEB c18323d18323